| 000 | 00712nam a2200217Ii 4500 | ||
|---|---|---|---|
| 003 | JO-AjNU | ||
| 008 | 230605s9999||||xx |||||||||||||| ||und|| | ||
| 017 | _a2009/2/514 | ||
| 040 |
_aJO-AjNU _bara _erda _cJO-AjNU |
||
| 041 | _aara | ||
| 050 | 1 | 4 | _aHQ783 .A55 2009 |
| 100 | 3 |
_aتاليف: علي، منذر ابراهيم, _eauthor _922192 |
|
| 245 | 0 | 0 | _aدراسات في ماهية التنشئة الاجتماعية |
| 250 | _aط1 | ||
| 264 | 3 | 1 | _aعمان: المؤلف، 2009 |
| 300 |
_a205ص _bيحتوي ببلوغرافية |
||
| 336 |
_atext _btxt _2rdacontent |
||
| 337 |
_aunmediated _bn _2rdamedia |
||
| 338 |
_avolume _bnc _2rdacarrier |
||
| 650 | 4 |
_aالتنشئة الاجتماعية _922193 |
|
| 999 |
_aA7837 _c11405 _d11405 |
||